Capitals by Founder - Statistics

General Stats
  • This quiz has been taken 15 times
  • The average score is 7 of 12
Answer Stats
Founder Continent Capital % Correct
Pierre Savorgnan de Brazza Africa Brazzaville
100%
King Rama I Asia Bangkok
83%
Jean de Valette Europe Valletta
83%
Abu Jafar al-Mansur Asia Baghdad
50%
Lý Thái Tổ Asia Hanoi
50%
Henry Morton Stanley Africa Kinshasa
50%
Alonso de Mendoza Americas La Paz
50%
Paulo Dias de Novais Africa Luanda
50%
Harald Hardrada Europe Oslo
50%
Fyodor Shubin Asia Astana
33%
Juan de Salazar de Espinosa Americas Asunción
33%
Diego Velázquez de Cuéllar Americas Havana
33%
No matching quizzes found
Score Distribution
Percent of People with Each Score
Percentile by Number Answered
Your Score History
You have not taken this quiz